| 000 -LEADER |
| fixed length control field |
00657cam a2200217 i 4500 |
| 001 - CONTROL NUMBER |
| control field |
3157032 |
| 005 - DATE AND TIME OF LATEST TRANSACTION |
| control field |
20180306071804.0 |
| 008 - FIXED-LENGTH DATA ELEMENTS--GENERAL INFORMATION |
| fixed length control field |
741022s1973 vaua 000 0deng |
| 010 ## - LIBRARY OF CONGRESS CONTROL NUMBER |
| LC control number |
74186376 |
| 020 ## - INTERNATIONAL STANDARD BOOK NUMBER |
| Terms of availability |
$3.95 |
| 040 ## - CATALOGING SOURCE |
| Original cataloging agency |
DLC |
| Transcribing agency |
DLC |
| Modifying agency |
DLC |
| 041 ## - LANGUAGE CODE |
| Language code of text/sound track or separate title |
eng |
| 043 ## - GEOGRAPHIC AREA CODE |
| Geographic area code |
n-us-va |
| 080 ## - UNIVERSAL DECIMAL CLASSIFICATION NUMBER |
| Universal Decimal Classification number |
917.5528034 HIR |
| 082 00 - DEWEY DECIMAL CLASSIFICATION NUMBER |
| Classification number |
917.5528034 HIR |
| 100 ## - Rafti |
| Rafti |
44 |
| 101 ## - Shkurtesa |
| Shkurtesa |
ART |
| 245 00 - TITLE STATEMENT |
| Title |
Loudoun harvest : |
| 906 ## - LOCAL DATA ELEMENT F, LDF (RLIN) |
| a |
7 |
| b |
cbc |
| c |
orignew |
| d |
2 |
| e |
ncip |
| f |
19 |
| g |
y-gencatlg |
| 942 ## - ADDED ENTRY ELEMENTS (KOHA) |
| Source of classification or shelving scheme |
|
| Item type |
Books |